| 000 | 00861nam a2200217 a 4500 | ||
|---|---|---|---|
| 003 | AM-YeHGA | ||
| 005 | 20250618072312.0 | ||
| 008 | 041105s1937 ai 000 | arm d | ||
| 040 | _aAM-YeHGA | ||
| 041 | 0 | _aarm | |
| 100 | 0 |
_aԱրաքս, _d1903-1978 _997 |
|
| 245 | 1 | 0 |
_aՀրաշալի սավառնակը / _cԱրաքս; Նկ.՝ Մ. Բաղդասարյան; Խմբ.՝ Սիրաս. |
| 260 |
_aԵրևան : _bՊետհրատ, _c1937. |
||
| 300 |
_a10 էջ : _bնկ. ; _c23 սմ. |
||
| 650 | 1 | 4 |
_aՀայ մանկական գրականություն _xՊատմվածք |
| 700 | 1 |
_aԲաղդասարյան, Մ. _eնկ. _4art _9465 |
|
| 700 | 1 |
_aՍիրաս, Հմայակ Սահակի, _d1902-1983 _eխմբ. _4edt _91945 |
|
| 856 | 4 |
_uhttp://greenstone.flib.sci.am/gsdl/collect/opac/books/hrashali.pdf _yԿարդալ առցանց _3 |
|
| 942 |
_2udc _cBK |
||
| 090 | _c146057 | ||
| 999 |
_c144673 _d144673 |
||